[Event "German Masters 2020"]
[Site "Magdeburg"]
[Date "2020.08.22"]
[Round "7.1"]
[White "Fridman, Daniel"]
[Black "Huschenbeth, Niclas"]
[Result "1/2-1/2"]
[WhiteElo "2615"]
[BlackElo "2605"]
[Annotator "TA"]
[PlyCount "85"]
[EventDate "2020.08.16"]
[EventType "tourn"]
[EventCountry "GER"]
[SourceTitle "playchess.com"]
[Source "ChessBase"]
[SourceQuality "1"]

{[%evp 12,85,31,17,17,16,10,16,18,24,17,0,12,10,18,0,0,-7,0,-2,0,0,17,0,0,-10,-14,-16,-17,-16,-16,-15,0,-21,-21,-21,-21,-21,-21,-21,-21,-21,-21,-21,-21,-21,-21,-21,-21,-21,-21,-21,-21,-21,-21,-21,-21,-21,-21,-21,0,0,0,-21,-21,-21,-21,-21,-21,-21,-21,-32,0,0,0,-9]} 1. d4 Nf6 2. Nf3 d5 3. c4 e6 4. g3 dxc4 5. Bg2 Bb4+ 6. Bd2 a5 7. O-O O-O {E04: Open Catalan: 5 Nf3.} 8. Bg5 h6 {8...Nc6 is vanishing.} 9. Bxf6 Qxf6 10. Qc2 Nc6 11. a3 Bd6 12. Qxc4 e5 {[%cal Re5d4]} 13. d5 Nb8 14. Nc3 Na6 15. b4 {[#]} axb4 $146 ({Predecessor:} 15... Qe7 16. Ne4 axb4 17. Nxd6 cxd6 18. axb4 Bd7 19. Rfc1 Rfc8 20. Qb3 Qd8 21. Nd2 Bb5 {0-1 (47) Hanko,P (2087)-Rachela,M (2330) Slovakia 2017}) 16. axb4 {[#] aiming for b5.} Bf5 17. Nd2 Qe7 18. b5 Nc5 19. Nce4 Bxe4 20. Nxe4 Nxe4 21. Bxe4 b6 22. Rxa8 Rxa8 23. Qc3 Ra3 24. Qb2 Qe8 25. Ra1 Rxa1+ 26. Qxa1 Qxb5 27. Qa8+ Bf8 28. d6 cxd6 29. e3 Qd7 30. Bd5 Qc7 31. Qe8 h5 32. h4 g6 33. Kg2 Kg7 34. e4 Qa7 35. Kg1 Qa1+ 36. Kg2 Qa7 37. Kg1 Qe7 38. Qb8 g5 39. hxg5 Qxg5 40. Qxb6 h4 41. Qe3 Qg4 42. Qa7 Qg6 43. Kg2 {Not much happened in this game. Accuracy: White = 100%, Black = 97%.} 1/2-1/2

[Event "German Masters 2020"]
[Site "Magdeburg"]
[Date "2020.08.22"]
[Round "7.2"]
[White "Nisipeanu, Liviu-Dieter"]
[Black "Kollars, Dmitrij"]
[Result "1/2-1/2"]
[WhiteElo "2655"]
[BlackElo "2586"]
[Annotator "TA"]
[PlyCount "80"]
[EventDate "2020.08.16"]
[EventType "tourn"]
[EventCountry "GER"]
[SourceTitle "playchess.com"]
[Source "ChessBase"]
[SourceQuality "1"]

{[%evp 17,80,0,0,0,0,2,0,0,19,4,12,0,0,0,0,0,0,0,0,0,0,-4,-8,-2,0,0,0,-11,0,0,0,0,6,-18,-17,-22,0,0,0,0,0,0,0,0,0,0,0,0,0,0,0,0,0,0,0,0,0,0,0,0,0,0,0,0,0]} 1. e4 e5 2. Nf3 Nc6 3. Nc3 Nf6 4. d4 exd4 5. Nxd4 Bb4 6. Nxc6 bxc6 7. Bd3 O-O 8. O-O d5 9. exd5 cxd5 {The position is equal.} 10. h3 {C47: Scotch Four Knights and Four Knights with 4 g3.} c6 11. Qf3 Re8 {11...Rb8 is the modern continuation.} 12. Bg5 h6 13. Bh4 Rb8 14. Ne2 Be7 {[#]} 15. Nd4 $146 ({Predecessor:} 15. b3 Rb4 16. Bg3 Ne4 17. Bxe4 Rxe4 18. c4 Bf6 19. Rae1 Qa5 20. cxd5 cxd5 21. b4 Qxa2 {0-1 (32) Kunej,T (1599)-Pahole,T (1591) Sentjur 2008}) 15... Bd7 16. b3 Ne4 17. Bxe7 Qxe7 18. Bxe4 Qxe4 19. Qxe4 Rxe4 20. Rfd1 Kf8 (20... c5 $5 21. Nf3 $8 Bc6 $15) 21. f3 Re5 22. Re1 Rxe1+ 23. Rxe1 $11 {[%mdl 4096] Endgame KRB-KRN} c5 24. Ne2 Bf5 25. Nf4 d4 26. Nd3 Bxd3 (26... Re8 {feels hotter.} 27. Rxe8+ Kxe8 28. Kf2 Ke7 29. h4 g5) 27. cxd3 Re8 28. Rxe8+ Kxe8 {KP-KP} 29. Kf2 f5 30. f4 Ke7 31. g3 g6 32. h4 h5 33. Ke2 Kd6 34. Kd2 Kc6 35. Kc2 a5 36. a4 Kd6 37. Kb2 Kc6 38. Kc2 Kd6 39. Kb2 Kc6 40. Kc2 Kd6 {A rather calm draw. Accuracy: White = 100%, Black = 100%.} 1/2-1/2

[Event "German Masters 2020"]
[Site "Magdeburg"]
[Date "2020.08.22"]
[Round "7.3"]
[White "Donchenko, Alexander"]
[Black "Heimann, Andreas"]
[Result "1/2-1/2"]
[WhiteElo "2657"]
[BlackElo "2622"]
[Annotator "TA"]
[PlyCount "79"]
[EventDate "2020.08.16"]
[EventType "tourn"]
[EventCountry "GER"]
[SourceTitle "playchess.com"]
[Source "ChessBase"]
[SourceQuality "1"]

{[%evp 18,79,31,27,25,25,32,30,28,28,40,36,38,31,41,0,0,0,0,0,23,18,18,8,19,0,16,14,14,14,14,14,15,15,18,0,0,0,0,-8,-8,-8,0,0,0,0,0,0,0,0,0,0,8,8,8,8,8,8,8,8,8,8,8,8]} 1. d4 d5 2. c4 e6 3. Nc3 Nf6 4. cxd5 exd5 5. Bg5 c6 6. e3 Bf5 7. Qf3 Bg6 8. Bxf6 Qxf6 9. Qxf6 gxf6 10. Nf3 a5 {D35: Queen's Gambit Declined: Exchange Variation.} 11. Nh4 Bb4 12. a3 Bxc3+ {White has an edge.} 13. bxc3 b5 14. a4 {[#]} b4 $146 ({Predecessor:} 14... bxa4 15. Rxa4 Nd7 16. Kd2 Nb6 17. Ra3 Kd7 18. Be2 a4 19. Rha1 Rhb8 20. h3 Kc7 {½-½ (28) Delgado Ramos,H-Salcedo Mederos,P (2361) ICCF email 2016}) 15. Kd2 Ke7 16. f4 {[#] f5 is the strong threat.} Be4 17. Bd3 bxc3+ 18. Kxc3 Bxd3 19. Kxd3 Na6 {The position is equal.} 20. Rab1 Rhb8 21. Rhc1 Rxb1 (21... c5 {keeps more tension.} 22. Kd2 c4 23. e4 Ke6 24. Nf5 dxe4 25. Ne3 Rb3) 22. Rxb1 Rb8 23. Rxb8 Nxb8 $11 {[%mdl 4096] Endgame KN-KN} 24. Nf3 Nd7 25. Nd2 c5 26. dxc5 Nxc5+ {[%mdl 64] [#] Double Attack} 27. Kc2 Kd6 28. g4 Nxa4 {With the idea ...Nc5.} 29. Nb3 Nc5 {aiming for ...Nxb3.} 30. Nxa5 Ne4 31. h4 Nf2 32. g5 fxg5 33. hxg5 d4 34. Kd2 Nh3 35. Nb3 dxe3+ 36. Kxe3 Nxg5 37. fxg5 {Strongly threatening Kf4.} f6 38. Kf4 fxg5+ 39. Kxg5 h6+ 40. Kxh6 {Accuracy: White = 95%, Black = 100%.} 1/2-1/2

[Event "German Masters 2020"]
[Site "Magdeburg"]
[Date "2020.08.22"]
[Round "7.4"]
[White "Bluebaum, Matthias"]
[Black "Meier, Georg"]
[Result "1/2-1/2"]
[WhiteElo "2647"]
[BlackElo "2621"]
[Annotator "ChessBase"]
[PlyCount "29"]
[EventDate "2020.08.16"]
[EventType "tourn"]
[EventCountry "GER"]
[SourceTitle "playchess.com"]
[Source "ChessBase"]
[SourceQuality "1"]
[TimeControl "40/5400+30:1800+30"]

1. d4 {[%emt 0:00:00]} Nf6 {[%emt 0:00:00]} 2. c4 {[%emt 0:00:00]} e6 {[%emt 0:00:00]} 3. Nf3 {[%emt 0:00:00]} d5 {[%emt 0:00:00]} 4. g3 {[%emt 0:00:00]} Bb4+ {[%emt 0:00:00]} 5. Bd2 {[%emt 0:00:04]} Be7 {[%emt 0:00:03]} 6. Bg2 {[%emt 0:00:03]} Nbd7 {[%emt 0:00:22]} 7. O-O {[%emt 0:00:11]} O-O {[%emt 0:00:08]} 8. Qc2 {[%emt 0:00:04]} c6 {[%emt 0:00:09]} 9. Rd1 {[%emt 0:00:04]} b6 {[%emt 0:00:13]} 10. Bf4 {[%emt 0:00:17]} Bb7 {[%emt 0:00:35]} 11. Ne5 {[%emt 0:00:06]} Nh5 {[%emt 0:00:06]} 12. Bd2 {[%emt 0:00:02]} Nhf6 {[%emt 0:00:06]} 13. Bf4 {[%emt 0:00:03]} Nh5 {[%emt 0:00:07]} 14. Bd2 {[%emt 0:00:03]} Nhf6 {[%emt 0:00:10]} 15. Bf4 {[%emt 0:00:03]} 1/2-1/2